Представление документа в формате RUSMARC

ПолеНазваниеЗначение
  Тип записи a
  Библиографический уровень m
001 Контрольный номер RU/SLIB/B/208729162
005 Дата корректировки 20240116162753.5
010 Индекс ISBN __
d Цена 2-80
100 Данные общей обработки __
a Данные общей обработки 20230721d1988 am y0rusy028902 ca
101 Язык документа 0_
a Язык текста rus
102 Страна публикации __
a Страна публикации RU
105 Кодированные данные (монография) __
a Кодированные данные (монография) y z 000yb
181 Поле кодированных данных: вид содержания _0
a Код вида содержания (ISBD) i
182 Поле кодированных данных: тип средства _0
a Код типа средства (ISBD) n
200 Заглавие и сведения об ответственности 1_
a Заглавие Бисмарк
e Сведения, относящиеся к заглавию политическая биография
b Общее обозначение материала Текст
f Первые сведения об ответственности В. В. Чубинский
210 Выходные данные 1_
a Место издания М.
c Издательство Мысль
d Дата издания 1988
215 Физическое описание __
a Объем 416 с.
330 Аннотация __
a Аннотация Книга представляет первую в советской литературе научную биографию крупнейшего буржуазного политического деятеля Германии Отто фон Бисмарка (1815-1898). Обстоятельно показаны формирование и развитие идейно-политических взглядов и психологии "железного канцлера", реакционный характер проводимой им политики, его взаимоотношения с различными классами и партиями, многими политическими деятелями.
600 Персоналии _1
a Персоналии (Фамилия) Бисмарк
2 Код системы nlr_sh
b Персоналии (Имя) О.
g Полное имя Отто
f Даты 1815-1898
606 Тематические рубрики __
a Основная рубрика История
z Хронологическая подрубрика 1815-1898 гг.; 19 в.
y Географическая подрубрика Германия
2 Код системы nlr_sh
606 Тематические рубрики __
a Основная рубрика Европа в XVI в. - 1918 г.
2 Код системы nlr_sh
610 Ключевые слова 0_
a Ключевые слова железный канцлер; политические деятели; документальная биография; персоналии
686 Индексы других классификаций __
a Классификационный индекс 63.3(4Гем)5-8; ст63.3(4Гем)-8
2 Код системы rubbks
700 Автор _1
a Фамилия Чубинский-Надеждин
b Имя В. В.
4 Код отношения 070
f Даты 1926-2010
g Полное личное имя Вадим Васильевич
801 Источник записи _0
a Страна RU
b Организация Муниципальное бюджетное учреждение культуры "Централизованная библиотечная система" г. Сургут (Центральная городская библиотека им. А. С. Пушкина)
g Правила каталогизации PSBO
801 Источник записи _1
a Страна RU
b Организация Муниципальное бюджетное учреждение культуры "Централизованная библиотечная система" г. Сургут (Центральная городская библиотека им. А. С. Пушкина)
g Правила каталогизации PSBO
852 Данные о местонахождении __
j Шифр хранения 63.3(4Гем)5-8
c Каталожный индекс 63.3(4Гем)-8
i Авторский знак Ч-81
p Инвентарный номер 34632
901 Тип документа __
t Тип документа m
a Ответственный КиК/Михайлова
901 Тип документа __
a Ответственный СКБР2024
903 Характеристики (МАРС) __
c Наименование библиотеки (МАРС) Муниципальное бюджетное учреждение культуры "Централизованная библиотечная система" г. Сургут (Центральная городская библиотека им. А. С. Пушкина)
990 Данные о заказе (DOS) __
j Количество экземпляров (DOS) 5